000 00747cam a22002531 4500
001 ca 34001730
003 DLC
005 20260227111135.0
008 850228s1934 caua 000 0 eng
010 _aca 34001730
035 _a(OCoLC)11749342
040 _aDLC
_cCSjU
_dCSjU
_dDLC
042 _apremarc
050 0 0 _aHF5681.B85
_bM6
082 _a657
100 1 _aMoir, Harry S.
245 1 2 _aA method to determine business load,
_cby Harry S. Moir.
260 _aOakland, Calif.,
_bBroadside Service Company
_c[c1934]
300 _a2 p. l., a-f, 30, 30a, 31-43 numb. l., 29 l.
_bfold. tab.
_c28 cm.
500 _aText mimeographed.
650 0 _aBusiness.
650 0 _aAccounting.
740 0 _aBusiness load, A method to determine.
999 _c17607
_d17607